000 00914nam a22002897a 4500
003 CHAP
005 20220329140525.0
008 971013s1958 r 00010 d
010 _a53291
011 _a54263
035 _a58414
040 _cCHAP
082 _a423
_bW41 1958
245 _aWebster's tweintieth century dictionary of the english language
_b: un abridged
250 _a2 ed.
260 _aCleveland :
_bWorld Publishing Co.,
_c1958
300 _a2129 p.
_b: ilus.
590 _aBATCH-UPD
_b10
_c20130110
_lUCH01
_h1903
590 _aBATCH-UPD
_b10
_c20130410
_lUCH01
_h1230
590 _aBATCH-UPD
_b10
_c20130914
_lUCH01
_h1642
590 _aCONVERSION
_b10
_c20130109
_lUCH01
_h1329
650 1 4 _aInglés
_xDiccionarios.
_958332
901 _aBK
942 _cLIBRO
949 _a423 W41 1958
_bBC
_cC
_d-126786
_eC
_i58414
_si
949 _a423 W41 1958
_bBC
_cC
_d33724000990560
_eC
_fc.2
_h108128
_i58414
_sb
999 _c53291
_d53291